| 000 | 00449nam a22001457a 4500 | ||
|---|---|---|---|
| 082 |
_a530 _bARO _cL-6, P-74 |
||
| 100 |
_aArora C. L. _939693 |
||
| 245 |
_aBSc Physics _bBeing typical university questions with answers systematically arranged _cC.L Arora |
||
| 260 |
_aKarachi _bUnion Book Stall _c1968 |
||
| 300 | _a907 - 1013.p: | ||
| 526 |
_a0 _b0 _c0 _d530_000000000000000_ARO |
||
| 650 |
_aMCE _9379 |
||
| 700 |
_aC.L Arora _939886 |
||
| 942 |
_2ddc _cBK |
||
| 999 |
_c544293 _d544293 |
||